[Event "AUTO-ADV-3638"]
[Site "http://www.queenalice.com/game.php?id=1423030"]
[Date "2016.5.14"]
[Round "1"]
[White "APSHOOTER"]
[Black "SMB51"]
[Result "0-1"]
[WhiteElo "1845"]
[BlackElo "1776"]

1. e4 e5 2. Nf3 Nc6 3. Bc4 h6 4. Nc3 Bc5 5. h3 Nb4 6. a3 Nc6 7. d3 d6 8. Nd5 Be6
9. Bd2 Nge7 10. Qe2 a6 11. Be3 Nd4 12. Nxd4 exd4 13. Bd2 c6 14. Nxe7 Qxe7 15.
Bxe6 Qxe6 16. Qf3 d5 17. O-O-O b5 18. Bb4 Bxb4 19. axb4 O-O 20. Rhe1 dxe4 21.
Qxe4 Qa2 22. Qxd4 Rad8 23. Qc3 Rfe8 24. Rxe8+ Rxe8 25. b3 Re2 26. Qxc6 Qa1# 0-1

[Event "AUTO-OPEN-3652"]
[Site "http://www.queenalice.com/game.php?id=1423134"]
[Date "2016.5.15"]
[Round "1"]
[White "akleetch"]
[Black "SMB51"]
[Result "1-0"]
[WhiteElo "1296"]
[BlackElo "1795"]

1. e4 e5 2. Nc3 Nf6 3. Bc4 Bc5 4. a3 d6 5. h3 O-O 6. d3 a6 7. Bg5 Bd4 8. Nd5
Nbd7 9. c3 Bxf2+ 10. Kxf2 Nxe4+ 11. dxe4 Qxg5 12. Nf3 Qd8 13. Ne3 b5 14. Ba2 Nf6
15. Qc2 Bb7 16. Nd2 Nh5 17. Nef1 Nf4 18. Ne3 1-0

[Event "AUTO-OPEN-3652"]
[Site "http://www.queenalice.com/game.php?id=1423135"]
[Date "2016.5.15"]
[Round "1"]
[White "SMB51"]
[Black "akleetch"]
[Result "0-1"]
[WhiteElo "1776"]
[BlackElo "1210"]

1. e4 e5 2. Nf3 Nc6 3. Bc4 Nd4 4. Nxe5 Qg5 5. Bxf7+ Kd8 6. Ng4 d6 7. h4 Qf4 8.
Bd5 c6 9. d3 Qxg4 10. Qxg4 Bxg4 11. Bf7 Nxc2+ 12. Kf1 Kc7 13. Na3 Nxa1 14. Bf4
Nf6 0-1

[Event "AUTO-OPEN-3652"]
[Site "http://www.queenalice.com/game.php?id=1423163"]
[Date "2016.5.15"]
[Round "1"]
[White "SMB51"]
[Black "JailtonMaster"]
[Result "0-1"]
[WhiteElo "1742"]
[BlackElo "2168"]

1. e4 c5 2. Bc4 e6 3. d4 cxd4 4. Qxd4 Nc6 5. Qd1 d5 6. Bb5 a6 7. Ba4 b5 8. Bb3
d4 9. Nf3 Bb4+ 10. c3 Ba5 11. Nxd4 Nxd4 12. O-O Nxb3 13. Qxd8+ Bxd8 14. axb3 Nf6
15. e5 Ng4 16. Nd2 Nxe5 17. Ne4 O-O 18. Be3 Bb7 19. Nd6 Bd5 20. b4 Be7 21. Bc5
Nd3 22. Rab1 Nxc5 23. bxc5 Rfd8 24. b4 Bxd6 25. cxd6 Rxd6 26. h3 Rc8 0-1

[Event "AUTO-OPEN-3652"]
[Site "http://www.queenalice.com/game.php?id=1423180"]
[Date "2016.5.15"]
[Round "1"]
[White "Bategoll"]
[Black "SMB51"]
[Result "1-0"]
[WhiteElo "1865"]
[BlackElo "1726"]

1. d4 d5 2. Nc3 Nf6 3. e3 a6 4. Nf3 Bg4 5. Be2 e6 6. a3 Bd6 7. b4 Nc6 8. Bb2 O-O
9. h3 Bf5 10. Nh4 Be4 11. Nf3 Qe7 12. Bd3 Bxb4 13. axb4 Qxb4 14. O-O Qxb2 15.
Na4 Qb4 16. Nc5 Na5 17. Qe2 Nc4 18. Rfb1 Bxd3 19. cxd3 Qc3 20. dxc4 Qxc4 21.
Qxc4 dxc4 22. Rxb7 Nd5 23. Ne5 Nc3 24. Rxc7 a5 25. Ncd7 Rfc8 26. Rxc8+ Rxc8 27.
Rxa5 Ne4 28. Nc6 h5 29. Nce5 c3 30. Nd3 g5 31. Ra1 c2 32. Rc1 Nd2 33. Nf6+ Kh8
34. Nxh5 Nb3 35. Rf1 1-0

[Event "AUTO-OPEN-3652"]
[Site "http://www.queenalice.com/game.php?id=1423181"]
[Date "2016.5.15"]
[Round "1"]
[White "SMB51"]
[Black "Bategoll"]
[Result "0-1"]
[WhiteElo "1755"]
[BlackElo "1824"]

1. e4 e5 2. Nf3 d6 3. Nc3 Nc6 4. h3 Be6 5. d3 Nf6 6. Bg5 Be7 7. Be2 h6 8. Bh4 g5
9. Bg3 Nh5 10. Bh2 Nf4 11. Bxf4 exf4 12. a3 Ne5 13. Nxe5 dxe5 14. Bh5 Qd7 15.
Qf3 O-O-O 16. a4 Bb4 17. O-O Kb8 18. Nb5 f5 19. Bg6 g4 20. hxg4 fxg4 21. Qd1 a6
22. Nc3 h5 23. Nd5 Bxd5 24. exd5 Qxd5 25. c3 Be7 26. Be4 Qa5 27. Qb3 Qb6 28. Qf7
Bc5 29. a5 Qh6 30. b4 Bd6 31. Qd5 c6 32. Qc4 h4 0-1

[Event "Challenge"]
[Site "http://www.queenalice.com/game.php?id=1440634"]
[Date "2016.9.11"]
[Round "-"]
[White "SMB51"]
[Black "amadeo"]
[Result "0-1"]
[WhiteElo "1544"]
[BlackElo "1559"]

1. e4 e5 2. Nf3 Nc6 3. Bc4 h6 4. O-O Bc5 5. d3 Nf6 6. Nc3 a6 7. Nh4 O-O 8. Nf5
b5 9. Bxf7+ Rxf7 10. Bxh6 gxh6 11. Nxh6+ Kg7 12. Nxf7 Kxf7 13. Qf3 Nd4 0-1

[Event "Challenge"]
[Site "http://www.queenalice.com/game.php?id=1440635"]
[Date "2016.9.11"]
[Round "-"]
[White "amadeo"]
[Black "SMB51"]
[Result "1-0"]
[WhiteElo "1574"]
[BlackElo "1529"]

1. e4 e5 2. Nf3 Nc6 3. Bb5 Bc5 4. Bxc6 bxc6 5. Nxe5 Qh4 6. Qf3 Bxf2+ 7. Qxf2
Qxe4+ 8. Qe3 Qxe3+ 9. dxe3 Nf6 10. Nc3 Ba6 11. Bd2 Rb8 12. Rf1 Bxf1 13. Kxf1 1-0

[Event "AUTO-INT-3172"]
[Site "http://www.queenalice.com/game.php?id=1440737"]
[Date "2016.9.12"]
[Round "1"]
[White "JoseMessias"]
[Black "SMB51"]
[Result "1-0"]
[WhiteElo "1605"]
[BlackElo "1623"]

1. g3 e5 2. e4 Nc6 3. Bc4 Bc5 4. Nf3 d6 5. Ng5 Qxg5 6. d4 Qg4 7. Qxg4 Bxg4 8. h3
Bf3 9. O-O Bxd4 10. Nd2 Bh5 11. g4 Bg6 12. Bd5 Nf6 13. g5 Nh5 14. c3 1-0

[Event "AUTO-INT-3172"]
[Site "http://www.queenalice.com/game.php?id=1440738"]
[Date "2016.9.12"]
[Round "1"]
[White "SMB51"]
[Black "saturnin"]
[Result "0-1"]
[WhiteElo "1606"]
[BlackElo "1581"]

1. e4 e5 2. Nf3 d6 3. h3 Nf6 4. Bc4 c6 5. Ng5 d5 6. exd5 Nxd5 7. Nxf7 Kxf7 8.
Qf3+ Ke8 9. O-O Be6 10. Qh5+ Bf7 11. Qxe5+ Be7 12. d3 b5 13. Bb3 Nf6 0-1

[Event "AUTO-INT-3172"]
[Site "http://www.queenalice.com/game.php?id=1440739"]
[Date "2016.9.12"]
[Round "1"]
[White "saturnin"]
[Black "SMB51"]
[Result "1-0"]
[WhiteElo "1598"]
[BlackElo "1589"]

1. b4 e5 2. c3 Nc6 3. Bb2 d6 4. b5 Na5 5. a4 Be6 6. e4 Be7 7. Nf3 Nf6 8. d3 Bb3
9. Qd2 h6 10. c4 Nxe4 11. Qxa5 Nxf2 12. Kxf2 Bh4+ 13. Nxh4 1-0